| 000 | 00757nam a22002177a 4500 | ||
|---|---|---|---|
| 999 |
_c442368 _d442368 |
||
| 003 | UA-OsUOA | ||
| 005 | 20191002100823.0 | ||
| 008 | 191001b un ||||| |||| 00| 0 ukr d | ||
| 040 |
_aUA-OsUOA _bukr _cUA-OsUOA _dUA-OsUOA |
||
| 041 | _aukr | ||
| 080 | _a821.161 | ||
| 090 |
_a821.161 _bП77 |
||
| 100 | _aПришвин А. | ||
| 245 |
_aНа берегу Зеи _bповесть _cАндрей Пришвин |
||
| 260 |
_aМосква _bСоветский Писатель _c1950 |
||
| 300 | _a210 с. | ||
| 856 | 4 | 0 | _yКлацніть тут для перегляду онлайн |
| 942 |
_2udc _cBK |
||
| 955 | _a3 | ||